000 00939nac a22002897a 4500
001 BR7311229
003 BR-BrBNA
005 20240105113632.0
008 230509b bl.|||m| |||| 00| 0 por d
040 _aBR-BrBNA
_bpor
_cBiblioteca Nacional de Agricultura
072 _aF00
090 _a1540 BR7311229
100 1 _aAlbuquerque, M. de
110 1 _aInstituto de Pesquisa Agropecuaria do Norte, Belem, PA (Brasil);
110 1 _aAssociacao de Credito e Assistencia Rural do Estado do Para, Belem (Brasil)
_9493
245 1 _aCultura da mandioca [Manihot esculenta, Brasil]
260 3 _aBelem, PA (Brasil):
_c1973.
300 _a9 p.
490 _aCircular - Instituto de Pesquisa Agropecuaria do Norte (Brazil)
_vno. 16
_x
650 _aMANDIOCA
650 _aPRATICA CULTURAL
650 _aPLANTIO
650 _aCOLHEITA
650 _aPARA
909 _a202312
_bLúcia Elande
_c55
_dLúcia Elande
942 _2AGRIS
_n0
_cMS
999 _c264748
_d264748